Puchasing Managers' Index (Record no. 69566)

MARC details
000 -LEADER
fixed length control field 00971cam a2200229 4500
001 - CONTROL NUMBER
control field WB3807-04
008 - FIXED-LENGTH DATA ELEMENTS--GENERAL INFORMATION
fixed length control field 020221n2002 000 0 eng u
035 ## - SYSTEM CONTROL NUMBER
System control number (Sirsi) u116801
245 ## - TITLE STATEMENT
Title Puchasing Managers' Index
260 ## - PUBLICATION, DISTRIBUTION, ETC.
Date of publication, distribution, etc. 2002
490 ## - SERIES STATEMENT
Series statement CIPS News Release
Volume/sequential designation 1 February 2002, (2)
520 ## - SUMMARY, ETC.
Summary, etc. Latest figures from the Chartered Insitute of Purchasing & Supply show UK manufacturing sector declining for a 11th successive month. Also shows Construction sector expanding at the fastest rate for four months in January. The Construction Purchasing Managers' Index recorded 54.0 in January, up from 52.9 the previous month. For CIPS Press Release:http://www.cips.org/news/reports.asp
590 ## - LOCAL NOTE (RLIN)
Local note WB
650 ## - SUBJECT ADDED ENTRY--TOPICAL TERM
Topical term or geographic name entry element MANUFACTURING INDUSTRY
650 ## - SUBJECT ADDED ENTRY--TOPICAL TERM
Topical term or geographic name entry element CHARTERD INSTITUTE OF PURCHASING & SUPPLY
650 ## - SUBJECT ADDED ENTRY--TOPICAL TERM
Topical term or geographic name entry element NEW ORDERS
650 ## - SUBJECT ADDED ENTRY--TOPICAL TERM
Topical term or geographic name entry element CONTRACTION
650 ## - SUBJECT ADDED ENTRY--TOPICAL TERM
Topical term or geographic name entry element ECONOMIC SLOWDOWN
650 ## - SUBJECT ADDED ENTRY--TOPICAL TERM
Topical term or geographic name entry element CONSUMER GOODS
690 ## - LOCAL SUBJECT ADDED ENTRY--TOPICAL TERM (OCLC, RLIN)
Topical term or geographic name as entry element ECONOMIC ISSUES
942 ## - ADDED ENTRY ELEMENTS (KOHA)
Suppress in OPAC 0
Holdings
Withdrawn status Lost status Source of classification or shelving scheme Damaged status Not for loan Home library Current library Shelving location Date acquired Total Checkouts Full call number Barcode Date last seen Copy number Price effective from Koha item type
    Dewey Decimal Classification     London London News article 21/02/2002   WB3807-04 116801-1001 06/08/2019 1 06/08/2019 News article